000
00284nam a22001217a 4500
020
_a
0-393-01523-8
082
_a
658.174 EDW'S
100
_a
EDWARDS, JOHN
_9
74072
245
_a
SUPER WEAPON THE MAKING OF MX
260
_a
NEWYORK
_b
W. W. NORTON
_c
1982
300
_a
287P
942
_c
BK
999
_c
579649
_d
579649